Pozycja Corporate Name
Liczba rekordów, w których użyto hasła: 1
001 - Numer kontrolny
- control field: 38942
003 - Identyfikator numeru kontrolnego
- control field: NUKAT
005 - Data i czas ostatniej modyfikacji
- control field: 20260325130033.0
008 - Dane kontrolne kodowane (40 znaków)
- fixed length control field: 050119n||azznnbabn |a ana |c
010 ## - Numer kontrolny Biblioteki Kongresu
- numer kontrolny LC: p 2004437909
024 7# - OTHER STANDARD IDENTIFIER
- Standard number or code: 144002749
- Source of number or code: viaf
035 ## - Numer systemowy
- numer systemowy: a16449642
035 ## - Numer systemowy
- numer systemowy: (PL)a0000001644964
040 ## - Instytucja sporządzająca rekord
- inst. przygot. dane do rek. khw: WA N/RZmk
- język haseł przedmiotowych/tezaurus: DBN
- inst. wprow. rek. khw: WA N/Rzas
043 ## - Kod obszaru geograficznego
- ISO code: PL
046 ## - Special dates
- Establishment date: 1996
110 2# - Hasło - nazwa ciała zbiorowego
- nazwa ciała zbior. lub geogr. na pocz.: Instytut Kaszubski
368 ## - Other Attributes
- Corp type: Organizacje naukowe
368 ## - Other Attributes
- Corp type: Wydawnictwa (instytucje)
370 ## - Associated place
- Country: Polska
370 ## - Associated place
- Residence/HQ: Gdańsk (woj. pomorskie)
372 ## - Field of activity
- Field: Badania naukowe
372 ## - Field of activity
- Field: Kaszuboznawstwo
372 ## - Field of activity
- Field: Edytorstwo
377 ## - Assoc lang
- Lang code: pol
- Lang code: csb
410 2# - Trop zob. - nazwa ciała zbiorowego
- nazwa ciała zbior. lub geogr. na pocz.: Instytut Kaszubski w Gdańsku
410 2# - Trop zob. - nazwa ciała zbiorowego
- nazwa ciała zbior. lub geogr. na pocz.: Kaszëbsczi Institut
410 2# - Trop zob. - nazwa ciała zbiorowego
- nazwa ciała zbior. lub geogr. na pocz.: IK (organizacja)
550 ## - Trop zob. też - nazwa pospolita
- nazwa posp. lub nazwa geogr. na pocz.: Nagroda im. Gerarda Labudy
665 ## - Nota historyczna
- nota historyczna: Zebranie założycielskie: 20 listopada 1996 r., zarejestrowany sądownie 22 stycznia 1997 r.
670 ## - Źródło informacji
- źródło informacji: Acta Cassubiana. - T. 1 (1999).
670 ## - Źródło informacji
- źródło informacji: Muzea, a dziedzictwo kulturowe Pomorza / pod red. Józefa Borzyszkowskiego. - Gdańsk, 2000.
- gdzie znaleziono informację: (Instytut Kaszubski w Gdańsku)
670 ## - Źródło informacji
- źródło informacji: Ryszard Stryjec 1932-1997 / [textbearbeitung Józef Borzyszkowski]. - Gdańsk, 1999.
- gdzie znaleziono informację: (instytut Kaszubski)
670 ## - Źródło informacji
- źródło informacji: Instytut Kaszubski
- adres internetowy: http://www.instytutkaszubski.pl/